[Event "Erice op 1st"]
[Site "Erice"]
[Date "2010.08.01"]
[Round "7"]
[White "Lissandrello, Luca"]
[Black "Milletari, Ruggero"]
[Result "1-0"]
[WhiteElo "1655"]
[BlackElo "1605"]
[PlyCount "89"]
[EventDate "2010.07.28"]
[EventType "swiss"]
[EventRounds "7"]
[EventCountry "ITA"]
[SourceTitle "EXT 2024"]
[Source "ChessBase"]
[SourceDate "2023.10.10"]
[SourceVersion "1"]
[SourceVersionDate "2023.10.10"]
[SourceQuality "1"]

1. e4 e6 2. c4 Ne7 3. Nc3 d5 4. cxd5 exd5 5. exd5 Nxd5 6. Bc4 Nxc3 7. bxc3 Bd6 8. Qf3 Qe7+ 9. Ne2 Nc6 10. d4 Bd7 11. 0-0 0-0 12. Bd2 Na5 13. Bd3 Qh4 14. Ng3 b6 15. Rfe1 Rfe8 16. h3 g6 17. Rac1 Bxg3 18. fxg3 Rxe1+ 19. Rxe1 Qd8 20. Bh6 Bc6 21. Qf4 Qd5 22. Re2 Qd6 23. Qe3 f5 24. Bf4 Qd7 25. Be5 Re8 26. Qg5 Qe7 27. Bf6 Qf7 28. Be5 Bd5 29. Rf2 Qe7 30. Qf4 c6 31. Qh6 Nc4 32. Bxc4 Bxc4 33. a3 c5 34. Rf3 Bd5 35. Re3 Be4 36. g4 fxg4 37. Rxe4 g3 38. Re3 cxd4 39. cxd4 Rc8 40. Rxg3 Qf7 41. Rf3 Qe7 42. Qf4 Rc6 43. Qe4 Rc1+ 44. Kh2 Rc8 45. Qd5+ 1-0

[Event "Erice op 1st"]
[Site "Erice"]
[Date "2010.07.31"]
[Round "4"]
[White "Lissandrello, Luca"]
[Black "Lo Cascio, Marco"]
[Result "1-0"]
[WhiteElo "1655"]
[BlackElo "1593"]
[PlyCount "79"]
[EventDate "2010.07.28"]
[EventType "swiss"]
[EventRounds "7"]
[EventCountry "ITA"]
[SourceTitle "EXT 2024"]
[Source "ChessBase"]
[SourceDate "2023.10.10"]
[SourceVersion "1"]
[SourceVersionDate "2023.10.10"]
[SourceQuality "1"]

1. e4 c6 2. d4 d5 3. Nc3 dxe4 4. Nxe4 Nf6 5. Ng5 Bf5 6. Bc4 e6 7. Ne2 h6 8. Nf3 Bd6 9. h3 Nbd7 10. g4 Be4 11. Nc3 Bxf3 12. Qxf3 Nb6 13. Bb3 Bb4 14. a3 Be7 15. Be3 Nfd5 16. Nxd5 Nxd5 17. 0-0-0 Nxe3 18. Qxe3 0-0 19. f4 b5 20. Qe4 Rc8 21. c3 a5 22. Bc2 g6 23. f5 exf5 24. gxf5 Re8 25. Qg4 Bg5+ 26. Kb1 h5 27. Qg2 Qf6 28. fxg6 fxg6 29. Rhf1 Bf4 30. Bxg6 Re7 31. Bxh5+ Rg7 32. Qe4 Rf8 33. Bg4 Qh6 34. Rd3 Bd6 35. Be6+ Kh8 36. Rxf8+ Bxf8 37. Bg4 Re7 38. Qf5 Kg8 39. Rd1 Bg7 40. d5 1-0

[Event "Erice op 1st"]
[Site "Erice"]
[Date "2010.07.29"]
[Round "2"]
[White "Agnello, Francesco Claudio"]
[Black "Lissandrello, Luca"]
[Result "1-0"]
[WhiteElo "1470"]
[BlackElo "1655"]
[PlyCount "49"]
[EventDate "2010.07.28"]
[EventType "swiss"]
[EventRounds "7"]
[EventCountry "ITA"]
[SourceTitle "EXT 2024"]
[Source "ChessBase"]
[SourceDate "2023.10.10"]
[SourceVersion "1"]
[SourceVersionDate "2023.10.10"]
[SourceQuality "1"]

1. d4 d5 2. e3 Nf6 3. Bd3 g6 4. f4 Bg7 5. Nf3 Bg4 6. 0-0 Ne4 7. Nbd2 f5 8. Qe1 e6 9. Ne5 Nd7 10. Nxg4 fxg4 11. Nxe4 dxe4 12. Bxe4 c6 13. Bd2 Qb6 14. Rb1 Nf6 15. Bd3 0-0-0 16. Ba5 g3 17. Bxb6 gxh2+ 18. Kh1 axb6 19. b4 Ng4 20. Qg3 h5 21. Bxg6 Rh6 22. Bxh5 Nxe3 23. Qxe3 Rxh5 24. Qxe6+ Kc7 25. Qf7+ 1-0

[Event "Nichelino op 5th"]
[Site "Nichelino"]
[Date "2004.10.09"]
[Round "4"]
[White "Faraoni, Enrico"]
[Black "Lissandrello, Luca"]
[Result "1-0"]
[WhiteElo "2162"]
[BlackElo "1730"]
[PlyCount "89"]
[EventDate "2004.10.07"]
[EventType "swiss"]
[EventRounds "6"]
[EventCountry "ITA"]
[SourceTitle "EXT 2009"]
[Source "ChessBase"]
[SourceDate "2008.11.26"]
[SourceVersion "1"]
[SourceVersionDate "2008.11.26"]
[SourceQuality "1"]

1. e4 c5 2. Nf3 Nc6 3. Nc3 Nf6 4. Bc4 d6 5. d4 cxd4 6. Nxd4 e5 7. Nde2 Be7 8. Bg5 Be6 9. Bxe6 fxe6 10. Qd2 0-0 11. f3 Qb6 12. Be3 Qb4 13. a3 Qa5 14. Rd1 a6 15. 0-0 Rad8 16. b4 Qc7 17. Na4 Qd7 18. Nb6 Qe8 19. c4 Qf7 20. Qa2 Nh5 21. b5 axb5 22. cxb5 Nb8 23. Rc1 Nf4 24. Bxf4 exf4 25. Rc7 Qf6 26. Rfc1 Rfe8 27. Rxb7 Qe5 28. a4 Bf6 29. Rxb8 Rxb8 30. Nd7 Qb2 31. Qxb2 Bxb2 32. Rc2 Be5 33. Nxb8 Rxb8 34. g3 fxg3 35. hxg3 g5 36. f4 gxf4 37. gxf4 Bf6 38. Rc6 Be7 39. Nd4 Kf7 40. Rc7 Re8 41. Nc6 Kf8 42. b6 Bd8 43. Nxd8 Rxd8 44. b7 Ke8 45. Rxh7 1-0

[Event "Torino op 10"]
[Site "Torino"]
[Date "2004.10.??"]
[Round "2"]
[White "Quagliana, Giuseppe"]
[Black "Lissandrello, Luca"]
[Result "1-0"]
[WhiteElo "1879"]
[BlackElo "1730"]
[PlyCount "137"]
[EventDate "2004.10.??"]
[EventType "swiss"]
[EventRounds "7"]
[EventCountry "ITA"]
[SourceTitle "EXT 2024"]
[Source "ChessBase"]
[SourceDate "2023.10.10"]
[SourceVersion "1"]
[SourceVersionDate "2023.10.10"]
[SourceQuality "1"]

1. d4 d5 2. c4 c6 3. cxd5 cxd5 4. Nf3 Nf6 5. Nc3 Nc6 6. Bf4 e6 7. e3 Bd6 8. Ne5 0-0 9. Bb5 Qc7 10. Bxc6 bxc6 11. 0-0 Ba6 12. Re1 Nd7 13. Nxd7 Qxd7 14. Bxd6 Qxd6 15. Na4 Rfe8 16. Nc5 Bc8 17. f4 f6 18. Rc1 e5 19. g3 Rb8 20. b3 e4 21. Qc2 Rb6 22. a4 Rb4 23. Qe2 g6 24. Rc3 h5 25. Rec1 Re7 26. f5 Bxf5 27. Na6 Rb6 28. a5 Bg4 29. Qg2 Rbb7 30. Rxc6 Qa3 31. Rxf6 Bf5 32. Nc5 Rxb3 33. Nxb3 Qxb3 34. Qf2 Kg7 35. Rxf5 gxf5 36. Qf4 Qa3 37. Qg5+ Kf7 38. Qxf5+ Kg7 39. Qg5+ Kf7 40. Rf1+ Ke8 41. Qxh5+ Kd7 42. Qxd5+ Kc7 43. Qc4+ Kd7 44. Qc5 Qxe3+ 45. Kg2 Qe2+ 46. Rf2 Qa6 47. Qf5+ Qe6 48. Qxe6+ Kxe6 49. Rb2 Kd5 50. a6 Kxd4 51. Rb7 Re8 52. Rxa7 e3 53. Rd7+ Kc5 54. Kf1 Rf8+ 55. Kg1 e2 56. Re7 Rf1+ 57. Kg2 e1Q 58. Rxe1 Rxe1 59. g4 Kb6 60. Kg3 Kxa6 61. g5 Re4 62. h4 Kb6 63. h5 Kc5 64. h6 Kd5 65. h7 Re8 66. g6 Ke6 67. g7 Kf7 68. h8Q Rxh8 69. gxh8Q 1-0